Traduction fr/en: adjectif qualificatif de description - Statistiques

Statistiques générales
  • Ce quiz a été pris 115 fois
  • Le résultat moyen est 10 sur 14
Statistiques - réponses
Mots Traduction % Correct
Grand Tall
90%
petit small
88%
beau beautiful
87%
gros big
87%
long long
86%
horrible horrible
81%
court short
78%
laid ugly
68%
gras fat
67%
le poids the weight
64%
joli pretty
61%
mince thin
51%
joli nice
42%
la taille the size
31%
Aucun quiz correspondant
Distribution des résultats
% des personnes avec chaque résultat
Percentile par nombre de réponses
Votre historique - résultats
Vous n’avez pas pris ce quiz